Science Quiz

Random Science or Computer Quiz

Programming Language Popularity Quiz Stats

 Plays Quiz Updated Mar 15, 2019

Score 0/21 Timer 07:00
2 Plays Today
Rank Language % Correct
2C
97.5%
1Java
91.7%
4C++
90.3%
14R
77.3%
3Python
70.5%
6C#
68.4%
7JavaScript
62.6%
20Visual Basic
60.4%
13Perl
59.1%
8PHP
58.9%
15Ruby
55.2%
Rank Language % Correct
5Visual Basic .NET
51.5%
9SQL
43.9%
12*Assembly
41.2%
18Go
36.2%
17Swift
35.1%
11MATLAB
33.8%
10Objective C
28.5%
19Delphi
26.5%
16Groovy
9.9%
21SAS
8.6%

You're not logged in!

Compare scores with friends on all Sporcle quizzes.
OR
Log In

Sporcle TV

Today on Sporcle TV


Watch our educational content, quiz creation guides, and fun videos on Sporcle TV.

Show Comments

Extras

Top Quizzes Today


Score Distribution

Your Account Isn't Verified!

In order to create a playlist on Sporcle, you need to verify the email address you used during registration. Go to your Sporcle Settings to finish the process.

Report this User

Report this user for behavior that violates our Community Guidelines.

Details: